Statistics for World Cup Group A - Top Players

Click here to take the quiz!

General Stats

  • This quiz has been taken 92 times
  • The average score is 4 of 10

Answer Stats

HintCountryAnswer% Correct
Liverpool player, 2018 Golden Boot WinnerEgyptMohammed Salah
97%
Bit a player 4 yrs ago, top notch Barcelona strikerUruguayLuis Suarez
88%
PSG all time top scorerUruguayEdison Cavani
69%
Captain of the team, Athletico Madrid defenderUruguayDiego Godin
55%
Arsenal midfielderEgyptMohamed Elneny
40%
CSKA Moscow top goalkeeperRussiaIgor Akinfeev
23%
Young CSKA talented midfielder, capped 17 timesRussiaAleksandr Golovin
13%
Krasnodar striker, 2nd top goal scorer in his leagueRussiaFyodor Smolov
7%
Tied top goalscorer in qualifyingSaudi ArabiaMohammad Al-Sahlawi
6%
Most capped player still playing for Saudi ArabiaSaudi ArabiaOsama Hawsawi
5%

Score Distribution

Percentile by Number Answered

Percent of People with Each Score

Your Score History

You have not taken this quiz